000 00672 a2200241 4500
001 63584
005 20260407155934.0
008 260407a1977 arg spa d
003 AR-UNSa-BCEJYS
040 _aAR-UNSa-BCEJYS
_bspa
_cAR-UNSa-BCEJYS
080 _a004.43
_xLenguajes de programación de ordenadores
245 1 0 _aCobol y sus aplicaciones en los negocios
264 1 _aMéxico :
_bMcGraw-Hill
_c1977
300 _a358 p.
_c23 cm.
041 _aspa
942 _cBK
590 _aniveau_biblio:m niveau_hierar:0
100 1 _aPhilippakis, Andreas S.
700 1 _aKazmier, Leonard J.
700 1 _aTorres, Vicente
650 _aCOBOL
650 _a cobol
999 _c8242
_d8242